000 00502nam a2200145 a 4500
001 000035252
005 20210826125354.0
008 111026s2008 dr 000 0 spa d
040 _aDO-SdBNP
_bspa
_cBNPHU
245 0 0 _aPrograma :
_bvigésima graduación ordinaria /.
260 _aSantiago de los Caballeros, República Dominicana :
_bUAPA,
_c2008.
300 _a27 p. ;
_c22 cm.
710 2 _aUniversidad Abierta para Adultos (Santiago de los Caballeros, Republica Dominicana)
_971401
049 _aBNPD
999 _c34743
_d34743